| 000 | 06881 a2200793 4500 | ||
|---|---|---|---|
| 003 | Nust | ||
| 005 | 20170207164544.0 | ||
| 020 | _a0080475027 (e-book) | ||
| 020 | _a0080475027 (e-book) | ||
| 020 | _a0080475027 (e-book) | ||
| 020 | _a9780080475028 (e-book) | ||
| 035 | _a(EBZ)ebs1050994e | ||
| 035 | _a(EBZ)ebs1050994e | ||
| 035 | _a(EBZ)ebs1050994e | ||
| 035 | _a(EBZ)ebs1050994e | ||
| 035 | _a(EBZ)ebs1050994e | ||
| 035 | _a(EBZ)ebs1050994e | ||
| 035 | _a(OCoLC)319493257 | ||
| 035 | _a(OCoLC)ocn319493257 | ||
| 035 | _a(WaSeSS)ssj0000127777 | ||
| 035 | _a(WaSeSS)ssj0000127777 | ||
| 035 | _a(WaSeSS)ssj0000127777 | ||
| 035 | _a(WaSeSS)ssj0000127777 | ||
| 035 | _a(WaSeSS)ssj0000127777 | ||
| 035 | _a(WaSeSS)ssj0000127777 | ||
| 035 | _a(WaSeSS)ssj0000127777 | ||
| 040 | _cNust | ||
| 082 | 0 | _a004.22 | |
| 100 | 1 | _aHennessy, John L. | |
| 245 | 1 | 0 |
_aComputer architecture _h[Elektronisk resurs] : _ba quantitative approach / _cJohn L. Hennessy, David A. Patterson ; with contributions by Andrea C. Arpaci-Dusseau ... [et al.]. |
| 250 | _a4. ed. | ||
| 256 | _aText | ||
| 260 |
_aAmsterdam ; _aBoston : _bMorgan Kaufmann, _c2007. |
||
| 300 |
_a1 PDF-fil (xxvii, 423,705p: _bill. |
||
| 520 | _aToday, Intel and other semiconductor firms are abandoning the single fast processor model in favor of multi-core microprocessors - chips that combine two or more processors in a single package. In the fourth edition of "Computer Architecture", the authors focus on this historic shift, increasing their coverage of multiprocessors and exploring the most effective ways of achieving parallelism as the key to unlocking the power of multiple processor architectures. Additionally, the new edition has expanded and updated coverage of design topics beyond processor performance, including power, reliability, availability, and dependability. | ||
| 538 | _aMode of access: WWW. | ||
| 650 | 7 | _aComputer architecture | |
| 650 | 7 | _aComputer architecture. | |
| 650 | 7 | _aDatorarkitektur | |
| 700 | 1 |
_aArpaci-Dusseau, Andrea C. _4aut |
|
| 700 | 1 |
_aPatterson, David A. _4aut |
|
| 856 | 4 | 0 | _uhttp://costello.pub.hb.se/login?url=http://site.ebrary.com/lib/boras/Top?id=10344436 |
| 856 | 4 | 0 | _uhttp://db.ub.oru.se/login?url=http://site.ebrary.com/lib/universitetsbiblioteket/Top?id=10344436 |
| 856 | 4 | 0 | _uhttp://ep.bib.mdh.se/login?url=http://search.ebscohost.com/login.aspx?direct=true&scope=site&db=e000xww&AN=193594 |
| 856 | 4 | 0 | _uhttp://ezproxy.bib.hh.se/login?url=http://site.ebrary.com/lib/halmstad/Top?id=10344436 |
| 856 | 4 | 0 | _uhttp://ezproxy.its.uu.se/login?url=http://app.knovel.com/web/toc.v/cid:kpCAAQAE02 |
| 856 | 4 | 0 | _uhttp://ezproxy.its.uu.se/login?url=http://site.ebrary.com/lib/uppsala/Top?id=10344436 |
| 856 | 4 | 0 | _uhttp://ezproxy.its.uu.se/login?url=http://www.uu.eblib.com/EBLWeb/patron?target=patron&extendedid=P_291660_0& |
| 856 | 4 | 0 | _uhttp://link.libris.kb.se/sfxhv?url_ver=Z39.88-2004&ctx_ver=Z39.88-2004&ctx_enc=info:ofi/enc:UTF-8&rfr_id=info:sid/sfxit.com:opac_856&url_ctx_fmt=info:ofi/fmt:kev:mtx:ctx&sfx.ignore_date_threshold=1&rft.object_id=1000000000474417&svc_val_fmt=info:ofi/fmt:kev:mtx:sch_svc& |
| 856 | 4 | 0 | _uhttp://link.libris.kb.se/sfxprv?url_ver=Z39.88-2004&ctx_ver=Z39.88-2004&ctx_enc=info:ofi/enc:UTF-8&rfr_id=info:sid/sfxit.com:opac_856&url_ctx_fmt=info:ofi/fmt:kev:mtx:ctx&sfx.ignore_date_threshold=1&rft.object_id=1000000000474417&svc_val_fmt=info:ofi/fmt:kev:mtx:sch_svc& |
| 856 | 4 | 0 | _uhttp://link.libris.kb.se/sfxrb?url_ver=Z39.88-2004&ctx_ver=Z39.88-2004&ctx_enc=info:ofi/enc:UTF-8&rfr_id=info:sid/sfxit.com:opac_856&url_ctx_fmt=info:ofi/fmt:kev:mtx:ctx&sfx.ignore_date_threshold=1&rft.object_id=1000000000474417&svc_val_fmt=info:ofi/fmt:kev:mtx:sch_svc& |
| 856 | 4 | 0 | _uhttp://link.sub.su.se/sfxsub?url_ver=Z39.88-2004&ctx_ver=Z39.88-2004&ctx_enc=info:ofi/enc:UTF-8&rfr_id=info:sid/sfxit.com:opac_856&url_ctx_fmt=info:ofi/fmt:kev:mtx:ctx&sfx.ignore_date_threshold=1&rft.object_id=1000000000474417&svc_val_fmt=info:ofi/fmt:kev:mtx:sch_svc& |
| 856 | 4 | 0 | _uhttp://miman.bib.bth.se/login?url=http://site.ebrary.com/lib/bthbib/Top?id=10344436 |
| 856 | 4 | 0 | _uhttp://proxy.lib.chalmers.se/login?url=http://app.knovel.com/web/toc.v/cid:kpCAAQAE02 |
| 856 | 4 | 0 | _uhttp://proxy.lib.chalmers.se/login?url=http://site.ebrary.com/lib/chalmers/Top?id=10344436 |
| 856 | 4 | 0 | _uhttp://proxy.lib.ltu.se/login?url=http://site.ebrary.com/lib//Top?channelName=&cpage=1&docID=10344436 |
| 856 | 4 | 0 | _uhttp://proxy.lib.ltu.se/login?url=http://www.dawsonera.com/depp/reader/protected/external/AbstractView/S9780080475028 |
| 856 | 4 | 0 | _uhttp://proxy.lnu.se/login?url=http://site.ebrary.com/lib/linne/Top?channelName=linne&cpage=1&docID=10344436 |
| 856 | 4 | 0 | _uhttp://sfxeu10.hosted.exlibrisgroup.com/sfxkth?url_ver=Z39.88-2004&ctx_ver=Z39.88-2004&ctx_enc=info:ofi/enc:UTF-8&rfr_id=info:sid/sfxit.com:opac_856&url_ctx_fmt=info:ofi/fmt:kev:mtx:ctx&sfx.ignore_date_threshold=1&rft.object_id=1000000000474417&svc_val_fmt=info:ofi/fmt:kev:mtx:sch_svc& |
| 856 | 4 | 0 | _uhttp://sfxeu11.hosted.exlibrisgroup.com/mah?url_ver=Z39.88-2004&ctx_ver=Z39.88-2004&ctx_enc=info:ofi/enc:UTF-8&rfr_id=info:sid/sfxit.com:opac_856&url_ctx_fmt=info:ofi/fmt:kev:mtx:ctx&sfx.ignore_date_threshold=1&rft.object_id=1000000000474417&svc_val_fmt=info:ofi/fmt:kev:mtx:sch_svc& |
| 856 | 4 | 0 | _uhttp://sfxeu11.hosted.exlibrisgroup.com/sfxmiu/?url_ver=Z39.88-2004&ctx_ver=Z39.88-2004&ctx_enc=info:ofi/enc:UTF-8&rfr_id=info:sid/sfxit.com:opac_856&url_ctx_fmt=info:ofi/fmt:kev:mtx:ctx&sfx.ignore_date_threshold=1&rft.object_id=1000000000474417&svc_val_fmt=info:ofi/fmt:kev:mtx:sch_svc& |
| 856 | 4 | 0 | _uhttp://sfxeu11.hosted.exlibrisgroup.com/sfxslub?url_ver=Z39.88-2004&ctx_ver=Z39.88-2004&ctx_enc=info:ofi/enc:UTF-8&rfr_id=info:sid/sfxit.com:opac_856&url_ctx_fmt=info:ofi/fmt:kev:mtx:ctx&sfx.ignore_date_threshold=1&rft.object_id=1000000000474417&svc_val_fmt=info:ofi/fmt:kev:mtx:sch_svc& |
| 856 | 4 | 0 | _uhttp://sfxeu11.hosted.exlibrisgroup.com/sfxumub?url_ver=Z39.88-2004&ctx_ver=Z39.88-2004&ctx_enc=info:ofi/enc:UTF-8&rfr_id=info:sid/sfxit.com:opac_856&url_ctx_fmt=info:ofi/fmt:kev:mtx:ctx&sfx.ignore_date_threshold=1&rft.object_id=1000000000474417&svc_val_fmt=info:ofi/fmt:kev:mtx:sch_svc& |
| 856 | 4 | 0 | _uhttp://webproxy.student.hig.se:2048/login?url=http://search.ebscohost.com/login.aspx?direct=true&scope=site&db=nlebk&db=nlabk&AN=193594 |
| 856 | 4 | 0 | _uhttp://www.du.se/proxy.aspx?url=http://site.ebrary.com/lib/dalarna/Top?id=10344436 |
| 856 | 4 | 0 | _uhttps://login.bibproxy.kau.se:8443/login?url=http://site.ebrary.com/lib/kaubib/Top?channelName=kaubib&cpage=1&docID=10344436 |
| 856 | 4 | 0 | _uhttps://lt.ltag.bibl.liu.se/login?url=http://site.ebrary.com/lib/linkoping/Top?channelName=linkoping&cpage=1&docID=10344436 |
| 856 | 4 | 0 | _uhttps://lt.ltag.bibl.liu.se/login?URL=http://www.dawsonera.com/depp/reader/protected/external/AbstractView/S9780080475028 |
| 942 |
_2ddc _cBK |
||
| 999 |
_c209230 _d209230 |
||